La Géographie en 10 questions #4 - Statistiques

Statistiques générales
  • Ce quiz a été pris 101 fois
    25 depuis la dernière actualisation
  • Le résultat moyen est 6 sur 10
Statistiques - réponses
Hint Réponse % Correct
Quelle ville italienne est célèbre pour ses canaux ? Venise
100%
Dans quel pays se trouve la ville de Bruges ? Belgique
96%
Quel est l’océan qui borde la côte ouest de l’Afrique ? Atlantique
92%
Quelle rivière traverse Budapest ? Danube
68%
Quel est le continent le moins peuplé ? Antarctique
64%
Quel pays africain a pour capitale Addis-Abeba ? Ethiopie
64%
Quelle mer borde l’est de la Bulgarie ? Noire
56%
Quel est le plus grand pays d’Amérique centrale par superficie ? Nicaragua
48%
Quelle ville est la capitale du Lesotho ? Maseru
32%
Quel est le point le plus bas sur Terre hors océans ? Mer Morte
20%
Aucun quiz correspondant
Distribution des résultats
% des personnes avec chaque résultat
Percentile par nombre de réponses
Votre historique - résultats
Vous n’avez pas pris ce quiz depuis la dernière actualisation